000 00732nam a22002297a 4500
003 BUBTL
008 230313b ||||| |||| 00| 0 eng d
020 _a9780375709364
082 _a818.5408/ B345e/ 2000
100 _95205
_aBayoumi, Moustafa
245 _aThe Edward Said reader/
_cMoustafa Bayoumi, Andrew Rubin
250 _a1st Edn
260 _aNew York:
_bVintage Books,
_cc2000
300 _axxxiv, 472 p.:
_c25 cm.
500 _aIncludes notes
505 _aThe Edward Said reader, Edward Said, Moustafa Bayoumi, Andrew Rubin, English Literature
650 0 _91994
_aEnglish Literature
700 _95206
_aRubin, Andrew
856 _k0
_l0
_yDownload
942 _2ddc
_cBK
999 _c6968
_d6968